<?xml version="1.0" encoding="UTF-8"?>
<record
    xmlns:xsi="http://www.w3.org/2001/XMLSchema-instance"
    xsi:schemaLocation="http://www.loc.gov/MARC21/slim http://www.loc.gov/standards/marcxml/schema/MARC21slim.xsd"
    xmlns="http://www.loc.gov/MARC21/slim">

  <leader>02576nam a22002417a 4500</leader>
  <controlfield tag="003">OSt</controlfield>
  <controlfield tag="005">20210706142255.0</controlfield>
  <controlfield tag="008">200311b        xxu||||| |||| 00| 0 eng d</controlfield>
  <datafield tag="020" ind1=" " ind2=" ">
    <subfield code="a">9780073511443</subfield>
  </datafield>
  <datafield tag="040" ind1=" " ind2=" ">
    <subfield code="c">LC</subfield>
  </datafield>
  <datafield tag="050" ind1=" " ind2=" ">
    <subfield code="a">HB171.5.M47</subfield>
  </datafield>
  <datafield tag="100" ind1=" " ind2=" ">
    <subfield code="a">McConnell, Campbell R. </subfield>
  </datafield>
  <datafield tag="245" ind1=" " ind2=" ">
    <subfield code="a">Economics: principles, problems and policies. /</subfield>
    <subfield code="c">Campbell R. McConnell, Stanley L. Brue and Sean M. Flynn.</subfield>
  </datafield>
  <datafield tag="250" ind1=" " ind2=" ">
    <subfield code="a">19th ed.</subfield>
  </datafield>
  <datafield tag="260" ind1=" " ind2=" ">
    <subfield code="a">New York:</subfield>
    <subfield code="b">McGraw-Hill Education,</subfield>
    <subfield code="c">2012.</subfield>
  </datafield>
  <datafield tag="300" ind1=" " ind2=" ">
    <subfield code="a">xxxvi, 801 + [various pages] p.:</subfield>
    <subfield code="b"> ill. ;</subfield>
    <subfield code="c">26 cm.</subfield>
  </datafield>
  <datafield tag="500" ind1=" " ind2=" ">
    <subfield code="a">Includes glossary and index.</subfield>
  </datafield>
  <datafield tag="505" ind1=" " ind2=" ">
    <subfield code="a">Contents: Part one: Introduction to economics and the economy:  Limits, alternatives, and choices -- The market system and the circular flow -- Part two: Price, quantity and efficiency: Demand, supply and market equilibrium --  Elasticity -- Market failures: public goods and externalities -- Part three: Microeconomics of product markets: Consumer behavior  --  Behavioral economics -- Business and costs of production -- Pure competition in the short run -- Pure competition in the long run -- Monopolistic competition and oligopoly -- Part four: Microeconomics of product markets: the demand for resources -- Wage determination -- Rent, interest and profit --  Part five: Microeconomics of government: Public finance: expenditures and taxes -- Asymmetric information, voting and public choice -- Part six: Microeconomics issues and policies: Antitrust policy and regulation -- Agriculture: economics and policy--  Income inequality, poverty, and discrimination -- Health care -- Immigration -- Part seven: GDP, growth, and instability: An introduction to macroeconomics -- Measuring domestic output and national income -- Economic growth -- Business cycles, unemployment, and inflation -- Part eight: Macroeconomic models and fiscal policy: Basic macroeconomic relationships -- The aggregate expenditures model -- Aggregate demand and aggregate supply -- Fiscal policy, deficits, and debt -- Part nine: Money, banking, and monetary policy: Money, banking, and financial institutions-- Money creation -- Interest rates and monetary policy -- Financial economics -- Part ten: Extensions and issues: Extending the analysis of aggregate supply -- Current issues in macro theory and policy -- Part eleven: International economics: International trade -- The balance of payments, exchange rates, and trade deficits -- The economics of developing countries -- 

</subfield>
  </datafield>
  <datafield tag="653" ind1=" " ind2=" ">
    <subfield code="a">Economics</subfield>
  </datafield>
  <datafield tag="700" ind1=" " ind2=" ">
    <subfield code="a">Brue, Stanley L.</subfield>
  </datafield>
  <datafield tag="700" ind1=" " ind2=" ">
    <subfield code="a">Flynn, Sean M.</subfield>
  </datafield>
  <datafield tag="942" ind1=" " ind2=" ">
    <subfield code="2">lcc</subfield>
    <subfield code="c">BK</subfield>
  </datafield>
  <datafield tag="999" ind1=" " ind2=" ">
    <subfield code="c">7704</subfield>
    <subfield code="d">15204</subfield>
  </datafield>
</record>
